[Event "MDA-ch (Women)"]
[Site "Kishinev"]
[Date "2019.02.02"]
[Round "4"]
[White "Mihailova, Alina"]
[Black "Crigan, Galina"]
[Result "1-0"]
[WhiteElo "1869"]
[BlackElo "1790"]
[PlyCount "80"]
[EventDate "2019.01.30"]
[EventType "tourn"]
[EventRounds "9"]
[EventCountry "MDA"]
[SourceTitle "CBM 188 Extra"]
[Source "ChessBase"]
[SourceDate "2019.02.26"]
[SourceVersion "1"]
[SourceVersionDate "2019.02.26"]
[SourceQuality "1"]

1. d4 c6 2. c4 d6 3. Nc3 Nd7 4. e4 g6 5. Be3 e5 6. Nf3 Bg7 7. Be2 Ngf6 8. h3 0-0 9. d5 Ne8 10. g4 a5 11. Qd2 Nc5 12. dxc6 b6 13. Rd1 Ba6 14. Bxc5 bxc5 15. Nb5 Qb6 16. g5 Qxc6 17. Qd5 Bxb5 18. cxb5 Qc8 19. a4 Rb8 20. Nd2 Qd8 21. Nc4 Qxg5 22. Nxa5 Qg2 23. Rf1 Nf6 24. Qb3 Qxe4 25. Qc4 Qg2 26. Nc6 Ra8 27. Rxd6 Qxh3 28. a5 Rfe8 29. b6 Qf5 30. b7 Rxa5 31. Nxa5 Qb1+ 32. Rd1 Qxb2 33. Qb3 Qxb3 34. Nxb3 Rb8 35. Nxc5 Bf8 36. Rc1 Bxc5 37. Rxc5 Rxb7 38. Rd5 h5 39. f3 Kg7 40. Kf2 Nd7 1-0

[Event "MDA-ch (Women)"]
[Site "Kishinev"]
[Date "2012.02.10"]
[Round "4"]
[White "Crigan, Galina"]
[Black "Golban, Ludmila"]
[Result "1-0"]
[WhiteElo "1929"]
[BlackElo "1872"]
[PlyCount "85"]
[EventDate "2012.02.07"]
[EventType "tourn"]
[EventRounds "9"]
[EventCountry "MDA"]
[SourceTitle "EXT 2014"]
[Source "ChessBase"]
[SourceDate "2013.11.20"]
[SourceVersion "1"]
[SourceVersionDate "2013.11.20"]
[SourceQuality "1"]

1. d4 d5 2. Nf3 Nf6 3. Bg5 Nbd7 4. e3 g6 5. c3 Bg7 6. Nbd2 0-0 7. Bd3 c6 8. 0-0 h6 9. Bxf6 Nxf6 10. Ne5 Be6 11. f4 Qc8 12. Qc2 Bf5 13. e4 dxe4 14. Nxe4 Nd5 15. Rae1 f6 16. Nc4 b6 17. Ng3 e6 18. Ne3 Qd7 19. Rf3 Rfe8 20. Nxd5 Qxd5 21. b3 Kh7 22. Rfe3 Qd7 23. Qe2 Rf8 24. Nxf5 exf5 25. Re7 Qd6 26. Qf3 Rfc8 27. R1e6 Qa3 28. Bb1 Qc1+ 29. Re1 Qb2 30. Qg3 Rg8 31. Qd3 Rad8 32. Qc4 Qd2 33. g3 Qb2 34. Qxc6 Rc8 35. Rxg7+ Rxg7 36. Qxc8 Qd2 37. Qe6 Qxc3 38. d5 Qd4+ 39. Kg2 Qb2+ 40. Kh3 h5 41. d6 Qf2 42. Qe2 Qd4 43. Rd1 1-0

[Event "Romania (Women)"]
[Site "Romania"]
[Date "2007.03.01"]
[Round "13"]
[White "Vetrila, Sandra"]
[Black "Crigan, Galina"]
[Result "0-1"]
[WhiteElo "2049"]
[BlackElo "2061"]
[PlyCount "144"]
[EventDate "2007.02.17"]
[EventType "tourn"]
[EventRounds "13"]
[EventCountry "ROU"]
[SourceTitle "EXT 2008"]
[Source "ChessBase"]
[SourceDate "2007.11.25"]
[SourceVersion "1"]
[SourceVersionDate "2007.11.25"]
[SourceQuality "1"]

1. e4 c5 2. Nf3 a6 3. c4 Nc6 4. Nc3 e5 5. g3 g6 6. Bg2 Bg7 7. 0-0 Nge7 8. d3 0-0 9. Nh4 d6 10. f4 f5 11. Be3 Be6 12. Qd2 Rb8 13. Nd5 Nd4 14. Nf3 Nec6 15. fxe5 Nxf3+ 16. Rxf3 Nxe5 17. Rff1 b5 18. b3 Bxd5 19. cxd5 Ng4 20. Bg5 Qb6 21. Rae1 c4+ 22. Kh1 c3 23. Qc2 Bd4 24. h3 Nf2+ 25. Kh2 fxe4 26. dxe4 b4 27. Re2 Rbe8 28. Bf4 Qd8 29. Rfxf2 Bxf2 30. Rxf2 g5 31. Be3 Rxf2 32. Bxf2 Qf6 33. Be3 Rc8 34. Bb6 Qe5 35. Bf1 Rb8 36. Bf2 a5 37. Bd3 h5 38. Kg2 Rc8 39. Qe2 a4 40. bxa4 c2 41. Bxc2 Qb2 42. Bd3 Qxe2 43. Bxe2 Rc2 44. Kf3 Rxa2 45. Bb5 b3 46. Bd4 b2 47. Bxb2 Rxb2 48. h4 g4+ 49. Kf4 Kf7 50. Kg5 Rg2 51. Kxh5 Rxg3 52. Be2 Re3 53. Bxg4 Rxe4 54. Be6+ Kf6 55. a5 Ra4 56. a6 Rxa6 57. Kg4 Ra4+ 58. Kg3 Kg6 59. Kh3 Ra1 60. Kg4 Rf1 61. Kg3 Rh1 62. Kg4 Rg1+ 63. Kh3 Kf6 64. Kh2 Rg7 65. Kh3 Ke5 66. h5 Kf4 67. h6 Rh7 68. Kg2 Rxh6 69. Bf7 Rf6 70. Be6 Ke5 71. Kg3 Rxe6 72. dxe6 Kxe6 0-1

[Event "Romania (Women)"]
[Site "Romania"]
[Date "2007.02.28"]
[Round "12"]
[White "Crigan, Galina"]
[Black "Bogdan, Elizaveta"]
[Result "0-1"]
[WhiteElo "2061"]
[BlackElo "1909"]
[PlyCount "68"]
[EventDate "2007.02.17"]
[EventType "tourn"]
[EventRounds "13"]
[EventCountry "ROU"]
[SourceTitle "EXT 2008"]
[Source "ChessBase"]
[SourceDate "2007.11.25"]
[SourceVersion "1"]
[SourceVersionDate "2007.11.25"]
[SourceQuality "1"]

1. e4 e5 2. Nf3 Nc6 3. Bc4 Bc5 4. c3 Nf6 5. d4 exd4 6. 0-0 d5 7. exd5 Nxd5 8. Re1+ Be6 9. Ng5 0-0 10. Bd3 Nf6 11. b4 Bb6 12. b5 Ne7 13. Ba3 Re8 14. Nxe6 fxe6 15. Rxe6 Ned5 16. Rxe8+ Qxe8 17. c4 Nf4 18. c5 Nxd3 19. cxb6 Qe1+ 20. Qxe1 Nxe1 21. Nd2 Nc2 22. Rc1 Nxa3 23. Rxc7 axb6 24. Rxb7 Nxb5 25. Rxb6 Rxa2 26. Rxb5 Rxd2 27. Kf1 d3 28. f3 Kf7 29. h4 Ke6 30. Rb3 Nd5 31. g4 Ne3+ 32. Kg1 Nc4 33. Rb7 Rd1+ 34. Kf2 d2 0-1

[Event "Romania (Women)"]
[Site "Romania"]
[Date "2007.02.19"]
[Round "3"]
[White "Crigan, Galina"]
[Black "Lazo, Xenia"]
[Result "0-1"]
[WhiteElo "2061"]
[BlackElo "2034"]
[PlyCount "50"]
[EventDate "2007.02.17"]
[EventType "tourn"]
[EventRounds "13"]
[EventCountry "ROU"]
[SourceTitle "EXT 2008"]
[Source "ChessBase"]
[SourceDate "2007.11.25"]
[SourceVersion "1"]
[SourceVersionDate "2007.11.25"]
[SourceQuality "1"]

1. e4 e6 2. d4 d5 3. exd5 exd5 4. Bd3 Nc6 5. c3 Bd6 6. h3 Nf6 7. Nf3 Be6 8. 0-0 Qd7 9. Re1 0-0-0 10. Ne5 Bxe5 11. dxe5 Ng8 12. a4 f6 13. Bf4 g5 14. Bh2 f5 15. f4 h6 16. Na3 Nge7 17. Nb5 d4 18. c4 Ng6 19. Qd2 Qe7 20. Na3 Nb4 21. Nc2 Nxd3 22. Qxd3 gxf4 23. b4 Qg5 24. Nxd4 Nh4 25. Ra2 Rxd4 0-1